Find the Children's Books Quiz Stats

 Plays Quiz Updated Mar 17, 2020

Support Sporcle.
Go Orange.
Score 0/15 Timer 02:00
99 Plays Today
% Correct
The Very
Hungry Caterpillar
95.8%
The Rainbow Fish
94.8%
Green Eggs
and Ham
93%
A Bear Called
Paddington
92.6%
Harry Potter and the
Chamber of Secrets
88.3%
The Story
of Babar
88.2%
The House at
Pooh Corner
85.5%
The Little Prince
84.1%
% Correct
The Twits
80.1%
Goodnight
Moon
78.4%
The Wind in
the Willows
76.7%
Guess How Much
I Love You
73.4%
The Tale of Mrs.
Tiggy-Winkle
71.4%
The Phantom
Tollbooth
67.5%
The Velveteen
Rabbit
55.3%

You're not logged in!

Compare scores with friends on all Sporcle quizzes.
OR
Log In

From the Vault

Order of the Phoenix

by marnavot

While it's great to be in the Order of the Phoenix and all, it doesn't mean you'll live a long and happy life.
Remove Ads.
Support Sporcle.
Get the best of Sporcle when you Go Orange. This ad-free experience offers more features, more stats, and more fun while also helping to support Sporcle. Thank you for becoming a member.

Show Comments

Extras

Top Quizzes Today


Score Distribution

Your Account Isn't Verified!

In order to create a playlist on Sporcle, you need to verify the email address you used during registration. Go to your Sporcle Settings to finish the process.

Report this User

Report this user for behavior that violates our Community Guidelines.

Details: